[Event "ICS rated blitz match"]
[Site "204.178.125.65"]
[Date "2000.05.17"]
[Round "?"]
[White "Hossa"]
[Black "QueenMaxima"]
[Result "1/2-1/2"]
[WhiteElo "2447"]
[BlackElo "2471"]
[PlyCount "290"]
[EventDate "2000.??.??"]

1. d4 Nf6 2. c4 e6 3. Nf3 b6 4. a3 Ba6 5. Nbd2 Bb7 6. Qc2 d5 7. cxd5 exd5 8. e3
Bd6 9. b4 a5 10. b5 Qe7 11. Bd3 O-O 12. O-O c6 13. e4 dxe4 14. Nxe4 Nxe4 15.
Bxe4 cxb5 16. Bxh7+ Kh8 17. Re1 Qc7 18. Qxc7 Bxc7 19. Ng5 g6 20. Re7 Bxh2+ 21.
Kxh2 Bd5 22. Bf4 Kg7 23. Bc7 b4 24. Re5 Bc4 25. axb4 Nc6 26. Ree1 axb4 27. Bxb6
Rxa1 28. Rxa1 b3 29. Rb1 Ra8 30. Kg3 Ra2 31. Kf3 Rd2 32. Kg3 Nxd4 33. Bxd4+
Rxd4 34. f4 Rd3+ 35. Kf2 Rd2+ 36. Ke3 Rxg2 37. Kd4 Rc2 38. Nf3 b2 39. Bxg6 fxg6
40. Rxb2 Rxb2 41. Kxc4 Kf6 42. Kd3 Rb4 43. Nd4 Rb1 44. Kd2 Ra1 45. Ke3 Ra3+ 46.
Ke2 Rh3 47. Kd2 Rh7 48. Ke3 Ra7 49. Nc6 Ra6 50. Nd4 Ra8 51. Kf2 Rd8 52. Ke3
Re8+ 53. Kf3 Rb8 54. Nc2 Rd8 55. Ne3 Rd4 56. Kg3 Kf7 57. Ng4 Rd3+ 58. Kh4 Rd1
59. Kg3 Rg1+ 60. Kf3 Kf8 61. Ne5 Kg7 62. Ke4 Re1+ 63. Kf3 Rf1+ 64. Ke3 Kh7 65.
Ke4 Rf2 66. Ke3 Rb2 67. Nd3 Rb3 68. Ke4 Rb5 69. Ke3 Kg7 70. Ne5 Kf6 71. Ng4+
Ke7 72. Ne5 Rb3+ 73. Ke4 Rb4+ 74. Kf3 Kf6 75. Ng4+ Kg7 76. Ne5 Rb3+ 77. Kg4 Rb5
78. Kg5 Rd5 79. Kg4 Kh6 80. Nf7+ Kh7 81. Ne5 Kg7 82. Kf3 Ra5 83. Kg4 Kh6 84.
Nf7+ Kh7 85. Ne5 Kg7 86. Nd7 Ra1 87. Kf3 Ra3+ 88. Kg4 Ra2 89. Nc5 g5 90. fxg5
Rg2+ 91. Kf5 Rf2+ 92. Ke5 Kg6 93. Ne4 Rf1 94. Kd5 Rd1+ 95. Ke5 Re1 96. Kd4 Rb1
97. Ng3 Rb4+ 98. Ke3 Rb3+ 99. Kf4 Rb6 100. Ne4 Rb5 101. Ke3 Rb3+ 102. Kd4 Rb8
103. Ke5 Rb1 104. Kd4 Rg1 105. Ke5 Rd1 106. Kf4 Rc1 107. Ke5 Rh1 108. Kd4 Rh2
109. Kd5 Ra2 110. Ke5 Re2 111. Kd5 Rh2 112. Kd4 Rh8 113. Ke3 Rd8 114. Kf3 Rd3+
115. Kf4 Rd5 116. Ke3 Ra5 117. Kf3 Ra8 118. Kf4 Ra4 119. Ke5 Ra2 120. Kd5 Rc2
121. Kd4 Rb2 122. Kd5 Rg2 123. Ke6 Rc2 124. Ke5 Rc1 125. Kf4 Rf1+ 126. Ke5 Ra1
127. Kd5 Kg7 128. Nc5 Rd1+ 129. Ke5 Rb1 130. Ne6+ Kg8 131. g6 Re1+ 132. Kd5 Rf1
133. Ke5 Rc1 134. g7 Re1+ 135. Kd6 Ra1 136. Ke5 Ra5+ 137. Kd4 Ra2 138. Ke4 Re2+
139. Kd5 Rf2 140. Ke5 Rf7 141. Kd5 Rf3 142. Nd4 Rd3 143. Ke4 Rc3 144. Nf5 Rg3
145. Nxg3 Kxg7 1/2-1/2

[Event "ICS rated blitz match"]
[Site "204.178.125.65"]
[Date "2000.05.17"]
[Round "?"]
[White "Tinker"]
[Black "Hossa"]
[Result "1-0"]
[WhiteElo "2404"]
[BlackElo "2448"]
[PlyCount "163"]
[EventDate "2000.??.??"]

1. e4 d5 2. exd5 Qxd5 3. Nc3 Qe5+ 4. Be2 Qg5 5. g4 Nf6 6. d4 Qa5 7. Bd2 e5 8.
dxe5 Qxe5 9. Nf3 Qd6 10. g5 Nd5 11. Bb5+ c6 12. Qe2+ Be6 13. Bc4 Nd7 14. Bxd5
cxd5 15. Nd4 Qe5 16. Qxe5 Nxe5 17. Ncb5 Rc8 18. Nxa7 Rc4 19. Nab5 Bd7 20. O-O-O
Nd3+ 21. Kb1 Nxf2 22. Rhe1+ Kd8 23. Ba5+ Kc8 24. Rd2 Ne4 25. Rd3 Ra4 26. Bd2
Bc5 27. Be3 Re8 28. Re2 f5 29. gxf6 gxf6 30. a3 Ra5 31. Nc3 Bg4 32. Rg2 Bh3 33.
Rg1 Ba7 34. Rg7 Nc5 35. Ndb5 Nxd3 36. Nd6+ Kd8 37. Nxb7+ Kc8 38. Nxa5 Rxe3 39.
cxd3 Bb6 40. Nc6 Rxd3 41. Nxd5 Bd8 42. Rg8 Rxd5 43. Ne7+ Kd7 44. Nxd5 Be6 45.
Rg7+ Kc6 46. Nf4 Bf5+ 47. Kc1 Bb6 48. Kd2 Bd4 49. b4 Be5 50. Ke3 Kb5 51. Nd5
Bg6 52. Ne7 Bc2 53. Nd5 Bg6 54. Nf4 Bf5 55. Ne2 Bg6 56. Nd4+ Kc4 57. Nf3 Bb2
58. Rc7+ Kb3 59. b5 Bxa3 60. Nd2+ Ka4 61. Ra7+ Kxb5 62. Rxa3 f5 63. Kf4 Kb4 64.
Ra7 Kc3 65. Nf1 Kc4 66. Ne3+ Kb5 67. Nxf5 Kb6 68. Rg7 Kc5 69. Kg5 Bxf5 70. Kxf5
h6 71. h4 Kd4 72. Rh7 Kd5 73. Rxh6 Kc5 74. h5 Kd5 75. Rg6 Kc5 76. h6 Kd5 77. h7
Kc5 78. h8=Q Kb4 79. Qd4+ Kb3 80. Rb6+ Kc2 81. Rb2+ Kc1 82. Qd2# {
Hossa checkmated} 1-0

[Event "ICS rated blitz match"]
[Site "204.178.125.65"]
[Date "2000.05.17"]
[Round "?"]
[White "Hossa"]
[Black "Beadle"]
[Result "0-1"]
[WhiteElo "2430"]
[BlackElo "2649"]
[PlyCount "140"]
[EventDate "2000.??.??"]

1. e4 e5 2. Nf3 Nc6 3. Bb5 a6 4. Ba4 d6 5. c3 Bd7 6. d4 g6 7. O-O Bg7 8. d5
Nce7 9. Bxd7+ Qxd7 10. c4 f5 11. Nc3 fxe4 12. Nxe4 Nf6 13. Neg5 O-O 14. Ne6
Rfb8 15. Bg5 b5 16. b3 bxc4 17. bxc4 Nf5 18. Rb1 Ne4 19. Qd3 Nxg5 20. Nfxg5 c6
21. Rxb8+ Rxb8 22. Rb1 Rb7 23. Rxb7 Qxb7 24. dxc6 Qxc6 25. Qb3 Ne7 26. Qb8+ Qc8
27. Qxd6 Nf5 28. Qc7 Qxc7 29. Nxc7 Bh6 30. Ne4 a5 31. Kf1 Nd4 32. Nf6+ Kg7 33.
Ng4 Nc6 34. Ne8+ Kf7 35. Nef6 Bf8 36. Nd5 h5 37. Ngf6 Nb4 38. Nxb4 Kxf6 39.
Nd5+ Kf5 40. Ke2 Bc5 41. Kf3 e4+ 42. Ke2 Ke5 43. h4 Bd6 44. Ne3 Kd4 45. g3 a4
46. Kd2 a3 47. c5 Bxc5 48. Nc2+ Ke5 49. Ke1 Kd5 50. Na1 e3 51. fxe3 Bxe3 52.
Ke2 Ke4 53. Nc2 Bc5 54. Ne1 Bd6 55. Kf2 Kd4 56. g4 hxg4 57. Ng2 Kc3 58. Ne3 Bc5
59. Ke2 Bxe3 60. Kxe3 Kb2 61. Ke2 Kxa2 62. Kf2 Kb3 63. Kg3 a2 64. Kf2 a1=Q 65.
Kg3 Qg1+ 66. Kf4 g3 67. Kg4 Qe3 68. Kh3 Qf3 69. h5 gxh5 70. Kh4 Qg4# {
Hossa checkmated} 0-1

[Event "ICS rated blitz match"]
[Site "204.178.125.65"]
[Date "2000.05.17"]
[Round "?"]
[White "WitPaard"]
[Black "Hossa"]
[Result "0-1"]
[WhiteElo "2280"]
[BlackElo "2423"]
[PlyCount "46"]
[EventDate "2000.??.??"]

1. e4 e5 2. Nf3 Nc6 3. Bc4 Bc5 4. O-O d6 5. b4 Bxb4 6. c3 Ba5 7. d4 exd4 8.
cxd4 Nf6 9. Bg5 Bg4 10. Qa4 Bxf3 11. gxf3 O-O 12. Bb3 h6 13. Be3 a6 14. d5 b5
15. Qa3 Bb4 16. Qb2 Ne5 17. Bd1 Bc5 18. Nd2 Nh5 19. f4 Nd3 20. Qc3 Nhxf4 21.
Kh1 f5 22. Rg1 Qe7 23. Bxc5 dxc5 {WitPaard resigns} 0-1

[Event "ICS rated blitz match"]
[Site "204.178.125.65"]
[Date "2000.05.17"]
[Round "?"]
[White "Hossa"]
[Black "WitPaard"]
[Result "1/2-1/2"]
[WhiteElo "2433"]
[BlackElo "2270"]
[PlyCount "44"]
[EventDate "2000.??.??"]

1. e4 e5 2. Nf3 Nc6 3. Bb5 f5 4. Nc3 fxe4 5. Nxe4 Nf6 6. Nxf6+ Qxf6 7. d3 Nd4
8. Nxd4 exd4 9. O-O Be7 10. Qh5+ g6 11. Qe2 c6 12. Ba4 d5 13. Bh6 Kf7 14. Bb3
Bd7 15. c4 dxc3 16. bxc3 Rae8 17. c4 g5 18. Qh5+ Qg6 19. Qf3+ Qf5 20. Qh5+ Qg6
21. Qf3+ Qf5 22. Qh5+ Qg6 1/2-1/2

[Event "ICS rated standard match"]
[Site "204.178.125.65"]
[Date "2000.05.17"]
[Round "?"]
[White "Hossa"]
[Black "QueenMaxima"]
[Result "1-0"]
[WhiteElo "2340"]
[BlackElo "2316"]
[PlyCount "281"]
[EventDate "2000.??.??"]

1. e4 c5 2. c3 d5 3. Bb5+ Bd7 4. Bxd7+ Qxd7 5. e5 Nc6 6. d4 cxd4 7. cxd4 f6 8.
Nf3 fxe5 9. Nxe5 Nxe5 10. dxe5 e6 11. O-O Ne7 12. Be3 Nf5 13. Bg5 Bc5 14. g4
Ne7 15. Bxe7 Bxe7 16. Qf3 Qc7 17. Nc3 Qxe5 18. Rfe1 Qd6 19. Nb5 Qd7 20. Rxe6
Qxb5 21. Rae1 Qd7 22. Rxe7+ Qxe7 23. Rxe7+ Kxe7 24. Qxd5 b6 25. g5 h6 26. Qb7+
Kd6 27. Qxg7 hxg5 28. Qf6+ Kd7 29. Qf5+ Kd6 30. f4 gxf4 31. Qxf4+ Kd7 32. h4
Rag8+ 33. Kh2 Re8 34. Qf7+ Re7 35. Qd5+ Kc7 36. Qc4+ Kb7 37. Qd4 Rh5 38. Kg1 a6
39. a4 Reh7 40. a5 bxa5 41. Qe4+ Kb8 42. Qf4+ Rc7 43. Qf8+ Ka7 44. Qf2+ Rcc5
45. Kh2 Rhf5 46. Qe3 Rfe5 47. Qd4 Kb7 48. Kg3 Rcd5 49. Qc3 Rb5 50. Kf4 Rf5+ 51.
Kg4 Rfc5 52. Qf3+ Ka7 53. Qf2 Ka8 54. Qe2 Rb4+ 55. Kh3 Rb6 56. Qf3+ Kb8 57.
Qg3+ Rc7 58. b3 Rb5 59. Kh2 Rbc5 60. Qg8+ Rc8 61. Qf7 Rc2+ 62. Kh1 R8c3 63. Kg1
Rc7 64. Qe6 R2c6 65. Qg8+ Rc8 66. Qd5 Rc5 67. Qe6 Rb5 68. Kf2 Rc2+ 69. Ke1 Rc3
70. Qd6+ Kb7 71. Qd7+ Rc7 72. Qe6 Rh5 73. Qe4+ Ka7 74. Qe3+ Rcc5 75. Kf2 Rhe5
76. Qd4 Kb7 77. Kg2 Rcd5 78. Qf4 Re2+ 79. Kf3 Red2 80. Qf7+ Rd7 81. Qe6 R7d3+
82. Kg4 Rd6 83. Qe4+ Kb6 84. Qe3+ R2d4+ 85. Kg5 a4 86. bxa4 Ka5 87. Qc3+ Kxa4
88. Qc2+ Kb4 89. Qb2+ Kc4 90. Qe2+ Rd3 91. Qa2+ Kc5 92. Qa5+ Kd4 93. Kf4 Rd1
94. Qb4+ Kd5 95. Qe4+ Kc5 96. Qc2+ Kb6 97. Qb2+ Ka7 98. h5 R1d2 99. Qg7+ Rd7
100. Qc3 R2d4+ 101. Kg5 Rd3 102. Qc5+ Kb7 103. Qb4+ Ka8 104. h6 R7d5+ 105. Kf6
Rd6+ 106. Kg7 Rd7+ 107. Kg6 R3d6+ 108. Kh5 Rd5+ 109. Kg6 R7d6+ 110. Kf7 Rd8
111. Qb6 R5d6 112. Qe3 R6d7+ 113. Kg6 Rg8+ 114. Kf6 Rf8+ 115. Kg5 Rb7 116. Qd4
Rg8+ 117. Kh4 Rgb8 118. Qd5 Rh8 119. Kh5 Rhh7 120. Kg6 Ka7 121. Qd4+ Kb8 122.
Qd6+ Ka7 123. Qc5+ Kb8 124. Qf8+ Ka7 125. Qf2+ Kb8 126. Qe2 a5 127. Qe5+ Rbc7
128. Qxa5 Rh8 129. Qe5 Rxh6+ 130. Kxh6 Kc8 131. Kg6 Rd7 132. Kf6 Rh7 133. Qf5+
Rd7 134. Ke6 Rc7 135. Kd6+ Kb8 136. Qe5 Re7 137. Kxe7+ Kc8 138. Qb5 Kc7 139.
Ke6 Kc8 140. Kd6 Kd8 141. Qb8# 1-0

[Event "ICS rated standard match"]
[Site "204.178.125.65"]
[Date "2000.05.17"]
[Round "?"]
[White "QueenMaxima"]
[Black "Hossa"]
[Result "1/2-1/2"]
[WhiteElo "2301"]
[BlackElo "2355"]
[PlyCount "330"]
[EventDate "2000.??.??"]

1. e4 e5 2. Nf3 Nc6 3. Bb5 a6 4. Ba4 Nf6 5. O-O Be7 6. Re1 b5 7. Bb3 d6 8. c3
O-O 9. h3 Na5 10. Bc2 c5 11. d4 Nd7 12. Nbd2 cxd4 13. cxd4 Nc6 14. Nb3 a5 15.
Bd3 Ba6 16. d5 Nb4 17. Bf1 a4 18. a3 Nxd5 19. Qxd5 Nb6 20. Qd1 axb3 21. Qxb3
Qd7 22. Rd1 Qc6 23. Bg5 Bxg5 24. Nxg5 h6 25. Nf3 Rfd8 26. Qb4 Na4 27. Rac1 Nc5
28. Nxe5 Qb7 29. f3 Qb6 30. Nc4 Qa7 31. Ne3 Nxe4 32. Qxe4 Re8 33. Qd4 Qxd4 34.
Rxd4 Rxe3 35. Rxd6 Kf8 36. Rcc6 Bb7 37. Rb6 Ke7 38. Bxb5 Bc8 39. Rdc6 Kf8 40.
Rc7 Be6 41. Bc6 Rd8 42. a4 Re1+ 43. Kf2 Rc1 44. b4 g5 45. Kg3 Rc2 46. Ra7 h5
47. Ra5 h4+ 48. Kh2 Rd1 49. Rb8+ Ke7 50. Rc5 Rxc5 51. bxc5 Rc1 52. Rb5 f5 53.
f4 gxf4 54. a5 Bc4 55. Rb7+ Kf6 56. Bf3 Ra1 57. Rb6+ Ke5 58. c6 Rxa5 59. c7 Rc5
60. Rc6 Rxc6 61. Bxc6 Be6 62. Bb7 Kd4 63. c8=Q Bxc8 64. Bxc8 f3 65. Kg1 f4 66.
Kf2 fxg2 67. Kxg2 Ke4 68. Kf2 Kd5 69. Kf3 Ke5 70. Bd7 Kd6 71. Bf5 Kd5 72. Kxf4
Kd4 73. Kg4 Ke5 74. Kg5 Kd6 75. Kxh4 Ke7 76. Kg4 Kf7 77. h4 Kg7 78. Kg5 Kh8 79.
h5 Kg8 80. Kg4 Kh8 81. Bd3 Kg8 82. Be4 Kh8 83. Bg6 Kg8 84. Bd3 Kh8 85. Kh3 Kg7
86. Bb1 Kh8 87. Kh4 Kg7 88. Kg4 Kh8 89. Bf5 Kg7 90. Kg3 Kh8 91. Kh4 Kg8 92.
Be6+ Kh8 93. Bf7 Kg7 94. Bg6 Kh8 95. Bc2 Kg7 96. Bb1 Kh8 97. Kh3 Kg7 98. Bf5
Kh8 99. Bc2 Kg7 100. Bb3 Kh8 101. Kg4 Kg7 102. Kf5 Kh8 103. Kf6 Kh7 104. Kg5
Kh8 105. Kh4 Kg7 106. Bd5 Kh8 107. Be6 Kg7 108. Kg5 Kh8 109. Ba2 Kg7 110. Bd5
Kh8 111. Bc6 Kg7 112. Ba4 Kh8 113. Kf6 Kh7 114. Kf7 Kh8 115. Bb3 Kh7 116. Bc2+
Kh8 117. Ke6 Kg8 118. h6 Kh8 119. Kd6 Kg8 120. Ke5 Kh8 121. Be4 Kg8 122. Kf5
Kh8 123. Kf6 Kg8 124. Bd3 Kh8 125. Ke6 Kg8 126. Ke7 Kh8 127. Bf5 Kg8 128. Be4
Kh8 129. Bd3 Kg8 130. Bc2 Kh8 131. Be4 Kg8 132. Bg6 Kh8 133. Bc2 Kg8 134. Kd6
Kh8 135. Be4 Kg8 136. Bf5 Kh8 137. Bg6 Kg8 138. Kc6 Kh8 139. Be4 Kg8 140. Kd5
Kh8 141. Bg6 Kg8 142. Bb1 Kh8 143. Ke6 Kg8 144. Kf6 Kh8 145. Ke5 Kg8 146. Bd3
Kh8 147. Bc2 Kg8 148. Kf4 Kh8 149. Kf3 Kg8 150. Bg6 Kh8 151. Ke4 Kg8 152. Kf5
Kh8 153. Ke5 Kg8 154. Bf5 Kh8 155. Bd3 Kg8 156. Be4 Kh8 157. Bf5 Kg8 158. Kf6
Kh8 159. Kg6 Kg8 160. Be6+ Kh8 161. Kg5 Kh7 162. Bd7 Kh8 163. Kf4 Kg8 164. Be6+
Kh8 165. h7 Kxh7 1/2-1/2

[Event "ICS rated standard match"]
[Site "204.178.125.65"]
[Date "2000.05.17"]
[Round "?"]
[White "Hossa"]
[Black "middie"]
[Result "1-0"]
[WhiteElo "2353"]
[BlackElo "1995"]
[PlyCount "41"]
[EventDate "2000.??.??"]

1. e4 c5 2. c3 d6 3. d4 Nf6 4. Bd3 Nc6 5. Nf3 cxd4 6. cxd4 Bg4 7. d5 Ne5 8.
Nxe5 dxe5 9. Qc2 Rc8 10. Nc3 e6 11. Qa4+ Nd7 12. f3 Bh5 13. dxe6 fxe6 14. Be3
a6 15. Qb3 Qh4+ 16. Bf2 Qf6 17. Qxb7 Rb8 18. Qxa6 Rxb2 19. Bb5 Bb4 20. Bxd7+
Kxd7 21. O-O-O+ 1-0

[Event "ICS rated standard match"]
[Site "204.178.125.65"]
[Date "2000.05.17"]
[Round "?"]
[White "rvalenti"]
[Black "Hossa"]
[Result "0-1"]
[WhiteElo "2080"]
[BlackElo "2357"]
[PlyCount "73"]
[EventDate "2000.??.??"]

1. d3 d5 2. Nd2 Nf6 3. Ngf3 Bf5 4. g3 Nc6 5. b3 e5 6. Bb2 d4 7. Bg2 Bc5 8. O-O
Be6 9. c3 O-O 10. b4 dxc3 11. Bxc3 Bd4 12. Bxd4 exd4 13. b5 Ne7 14. Qa4 Nf5 15.
Nb3 Bxb3 16. Qxb3 Qd6 17. Rac1 h5 18. Ng5 Qb6 19. Qc4 Rae8 20. Rfe1 Re7 21. Qc5
Nd6 22. a4 Rfe8 23. Kf1 Qxc5 24. Rxc5 g6 25. h3 Kf8 26. Nf3 Nf5 27. Rc4 Rd7 28.
Rec1 Ree7 29. Nd2 Ne8 30. Ne4 Rd8 31. R1c2 Rb8 32. a5 a6 33. b6 cxb6 34. axb6
Ra8 35. g4 Nfg7 36. Rxd4 Ne6 37. Rd6 0-1

[Event "ICS rated blitz match"]
[Site "204.178.125.65"]
[Date "2000.05.17"]
[Round "?"]
[White "Sjeng"]
[Black "Hossa"]
[Result "0-1"]
[WhiteElo "2388"]
[BlackElo "2431"]
[PlyCount "182"]
[EventDate "2000.??.??"]

1. d4 Nf6 2. c4 e6 3. Nf3 b6 4. g3 Bb7 5. Bg2 Be7 6. O-O O-O 7. Nc3 Na6 8. e3
Ne4 9. Nxe4 Bxe4 10. Qa4 Nb8 11. Bd2 Nc6 12. b4 a5 13. b5 Nb4 14. Rfc1 Nd3 15.
Rcb1 d5 16. cxd5 Qxd5 17. Qd1 Bb4 18. Bxb4 axb4 19. Rb3 Ra3 20. Rxa3 bxa3 21.
Qb3 Qxb3 22. axb3 Ra8 23. Bf1 Nb4 24. Nd2 a2 25. Nxe4 Nc2 26. Rc1 a1=Q 27. Rxa1
Rxa1 28. h3 Rb1 29. Nd2 Rb2 30. Ne4 Rxb3 31. Nd2 Rb4 32. h4 Na3 33. Ne4 Nxb5
34. Bd3 Nd6 35. Ng5 h6 36. Nf3 Rb3 37. Be2 c5 38. dxc5 bxc5 39. Ne5 Ne4 40. Nc4
Nc3 41. Bd3 Rb7 42. Ne5 f6 43. Nc4 g5 44. hxg5 Rd7 45. Bg6 hxg5 46. Bh5 Kf8 47.
Na5 Ke7 48. Bf3 Rc7 49. Nc6+ Kd7 50. Na5 Ra7 51. Nb3 Kd6 52. Kf1 Ra3 53. Nd2
Ra1+ 54. Kg2 Ra4 55. g4 e5 56. Kg3 e4 57. Bg2 Rb4 58. Bh1 Ke5 59. Bg2 Kd5 60.
f3 exf3 61. Kxf3 Rb2 62. Kg3+ Ke6 63. Nc4 Rb5 64. Bf1 Ne4+ 65. Kf3 Kd5 66. Bd3
Rb4 67. Bxe4+ Kxc4 68. Bg6 Kc3 69. Be4 Kd2 70. Bd5 c4 71. Be4 c3 72. Bh7 Rxg4
73. Kxg4 c2 74. Bxc2 Kxc2 75. Kf5 Kd3 76. e4 g4 77. Kxg4 Kxe4 78. Kg3 f5 79.
Kg2 Ke3 80. Kg1 Ke2 81. Kh2 f4 82. Kh3 f3 83. Kg4 f2 84. Kf4 f1=Q+ 85. Ke4 Qf6
86. Kd5 Kd3 87. Kc5 Qe6 88. Kb5 Kd4 89. Ka4 Kc4 90. Ka5 Kc5 91. Ka4 Qa2# 0-1

[Event "ICS rated blitz match"]
[Site "204.178.125.65"]
[Date "2000.05.17"]
[Round "?"]
[White "Hossa"]
[Black "Sjeng"]
[Result "1-0"]
[WhiteElo "2445"]
[BlackElo "2382"]
[PlyCount "175"]
[EventDate "2000.??.??"]

1. e4 c5 2. c3 d5 3. Bb5+ Nc6 4. exd5 Qxd5 5. Nf3 Bf5 6. d3 O-O-O 7. Bc4 Qd7 8.
Be3 e5 9. Bb5 f6 10. O-O e4 11. Nh4 exd3 12. Nxf5 Qxf5 13. Nd2 Ne5 14. Re1 Kb8
15. Qa4 Be7 16. Qe4 Qxe4 17. Nxe4 a6 18. Ba4 Rc8 19. Bf4 b5 20. Bd1 Ka7 21. Nd2
Bd6 22. a4 Kb6 23. axb5 axb5 24. b3 g5 25. Be3 Kb7 26. c4 b4 27. Ne4 Be7 28.
Ra5 Kb8 29. Rb5+ Kc7 30. Nxc5 Kc6 31. Na6 Bd6 32. Rb6+ Kd7 33. Bh5 Ra8 34. Bd4
d2 35. Rd1 Bc7 36. Nxc7 Kxc7 37. Rxf6 Nd7 38. Re6 Ngf6 39. Bxf6 Nxf6 40. Rxf6
Ra3 41. Bf3 Re8 42. Rf7+ Kb8 43. Kf1 Rxb3 44. Rxh7 Rc3 45. Rb7+ Kc8 46. Rxb4
Rc1 47. Bg4+ Kc7 48. f4 Rxd1+ 49. Bxd1 Re1+ 50. Kf2 Rxd1 51. Ke2 Rg1 52. Kxd2
gxf4 53. Ra4 Rxg2+ 54. Kd3 Rxh2 55. Ra6 Rh3+ 56. Kd4 f3 57. Rf6 Kb7 58. c5 Kc7
59. Kd5 Rh5+ 60. Kc4 Rh3 61. Kb5 Rg3 62. Rf7+ Kd8 63. Kb6 Ke8 64. Rf4 Rg2 65.
Rxf3 Rb2+ 66. Kc7 Ke7 67. Re3+ Kf7 68. c6 Kf6 69. Kc8 Kg7 70. Re6 Kf7 71. Kd7
Rc2 72. Rd6 Re2 73. c7 Re7+ 74. Kc6 Re8 75. Rd8 Re3 76. Kd6 Rd3+ 77. Ke5 Rc3
78. Rh8 Rc5+ 79. Kd6 Rc4 80. Rh5 Rxc7 81. Kxc7 Kg6 82. Re5 Kh7 83. Kd7 Kg6 84.
Ke7 Kg7 85. Re6 Kg8 86. Kf6 Kh7 87. Re8 Kh6 88. Rh8# 1-0

[Event "ICS rated blitz match"]
[Site "204.178.125.65"]
[Date "2000.05.17"]
[Round "?"]
[White "Hossa"]
[Black "tourevel"]
[Result "1-0"]
[WhiteElo "2458"]
[BlackElo "2134"]
[PlyCount "55"]
[EventDate "2000.??.??"]

1. e4 c6 2. d4 d5 3. e5 Bf5 4. Nf3 e6 5. a3 Ne7 6. Nc3 Nd7 7. Bd3 Bxd3 8. cxd3
Nf5 9. Be3 f6 10. O-O fxe5 11. dxe5 Be7 12. g4 Nxe3 13. fxe3 O-O 14. d4 c5 15.
Qe2 Rc8 16. Nb5 Qb6 17. Kh1 a6 18. Nc3 Qb3 19. g5 g6 20. Qg2 cxd4 21. Nxd4 Qb6
22. Nxd5 exd5 23. Qxd5+ Kh8 24. Qxd7 Bxg5 25. Ne6 Bh6 26. Nxf8 Rxf8 27. Rxf8+
Bxf8 28. Rf1 {Es droht Matt} 1-0

[Event "ICS rated blitz match"]
[Site "204.178.125.65"]
[Date "2000.05.17"]
[Round "?"]
[White "Hossa"]
[Black "cipres"]
[Result "1-0"]
[WhiteElo "2462"]
[BlackElo "2058"]
[PlyCount "79"]
[EventDate "2000.??.??"]

1. e4 e5 2. Nf3 Nc6 3. Bb5 Nd4 4. Nxd4 exd4 5. O-O c6 6. Bc4 Nf6 7. e5 d5 8.
exd6 Bxd6 9. Re1+ Be7 10. Qe2 b5 11. Bb3 a5 12. a4 Ra7 13. axb5 O-O 14. bxc6
Bd6 15. Na3 Re8 16. Qd1 Rae7 17. Rxe7 Qxe7 18. g3 Bh3 19. f3 Qe1+ 20. Qxe1
Rxe1+ 21. Kf2 Rf1+ 22. Ke2 d3+ 23. cxd3 Bc5 24. Nb5 Rf2+ 25. Kd1 Bf5 26. Bc4
Nd5 27. d4 Nb4 28. dxc5 Nd3 29. Nd4 Rf1+ 30. Kc2 Nb4+ 31. Kc3 Bc8 32. Bxf1 g6
33. Bc4 Kg7 34. Rxa5 Kh6 35. Kxb4 Bh3 36. g4 Kg7 37. c7 Kh6 38. c8=Q Kg7 39.
Ne6+ Kh6 40. Qf8# 1-0

[Event "ICS rated blitz match"]
[Site "204.178.125.65"]
[Date "2000.05.17"]
[Round "?"]
[White "cipres"]
[Black "Hossa"]
[Result "0-1"]
[WhiteElo "2055"]
[BlackElo "2465"]
[PlyCount "37"]
[EventDate "2000.??.??"]

1. c4 Nf6 2. g3 c6 3. Bg2 d5 4. Nf3 dxc4 5. O-O Nbd7 6. Qc2 e5 7. Qxc4 Nb6 8.
Qc2 Bd6 9. Nc3 O-O 10. d3 Nbd5 11. a3 Bg4 12. h3 Bh5 13. e4 Nc7 14. Be3 Ne6 15.
Rad1 Bxf3 16. Bxf3 Bc5 17. b4 Nd4 18. Bxd4 Bxd4 19. Ne2 {cipres resigns} 0-1

[Event "ICS rated blitz match"]
[Site "204.178.125.65"]
[Date "2000.05.17"]
[Round "?"]
[White "cipres"]
[Black "Hossa"]
[Result "0-1"]
[WhiteElo "2047"]
[BlackElo "2468"]
[PlyCount "70"]
[EventDate "2000.??.??"]

1. c4 Nf6 2. g3 c6 3. Bg2 d5 4. Nf3 dxc4 5. O-O Nbd7 6. Qc2 e5 7. Qxc4 Nb6 8.
Qc2 Bd6 9. d3 O-O 10. Nc3 Nbd5 11. a3 Bg4 12. h3 Bh5 13. e4 Nc7 14. Be3 Ne6 15.
Ne2 c5 16. g4 Bg6 17. Ng3 Nd4 18. Nxd4 cxd4 19. Bg5 h6 20. Bh4 Rc8 21. Qd2 Be7
22. Nf5 Bxf5 23. exf5 b5 24. Bg3 Bd6 25. Rfe1 Nd7 26. Re2 Qc7 27. Rae1 b4 28.
g5 hxg5 29. Qxg5 bxa3 30. bxa3 Qc3 31. Bxe5 Bxe5 32. Rxe5 Nxe5 33. f6 Qxe1+ 34.
Kh2 Ng6 35. h4 Qxf2 {cipres resigns} 0-1

[Event "ICS rated blitz match"]
[Site "204.178.125.65"]
[Date "2000.05.17"]
[Round "?"]
[White "Hossa"]
[Black "cipres"]
[Result "0-1"]
[WhiteElo "2471"]
[BlackElo "2044"]
[PlyCount "52"]
[EventDate "2000.??.??"]

1. e4 e5 2. Nf3 Nc6 3. Bb5 Nd4 4. Nxd4 exd4 5. O-O c6 6. Bc4 Nf6 7. e5 d5 8.
exd6 Bxd6 9. Re1+ Be7 10. Qe2 b5 11. Bb3 a5 12. a4 Ra7 13. axb5 O-O 14. bxc6
Bd6 15. Na3 Re7 16. Qd1 Rfe8 17. Rxe7 Qxe7 18. g3 Bh3 19. f3 d3 20. Bxf7+ Kxf7
21. Nc4 Qe1+ 22. Qxe1 Rxe1+ 23. Kf2 Re2+ 24. Kg1 Bc5+ 25. Ne3 Re1+ 26. Kf2 Rf1#
{Hossa checkmated} 0-1

[Event "ICS rated blitz match"]
[Site "204.178.125.65"]
[Date "2000.05.17"]
[Round "?"]
[White "cipres"]
[Black "Hossa"]
[Result "0-1"]
[WhiteElo "2073"]
[BlackElo "2442"]
[PlyCount "23"]
[EventDate "2000.??.??"]

1. c4 Nf6 2. g3 c6 3. Bg2 d5 4. Nf3 dxc4 5. O-O Nbd7 6. Qc2 e5 7. Qxc4 Nb6 8.
Qc2 Bd6 9. d3 O-O 10. Nc3 Nbd5 11. d4 Nb4 12. Qb1 {cipres resigns} 0-1

[Event "ICS rated standard match"]
[Site "204.178.125.65"]
[Date "2000.05.17"]
[Round "?"]
[White "Hossa"]
[Black "alkhateeb"]
[Result "1-0"]
[WhiteElo "2358"]
[BlackElo "2393"]
[PlyCount "69"]
[EventDate "2000.??.??"]

1. e4 c5 2. c3 d5 3. Bb5+ Bd7 4. Bxd7+ Qxd7 5. e5 d4 6. cxd4 cxd4 7. Nf3 Nc6 8.
d3 e6 9. O-O Nge7 10. Bg5 Ng6 11. Re1 h6 12. Bh4 Qd5 13. Bg3 Be7 14. Nbd2 O-O
15. Re4 Rfd8 16. Nb3 Bc5 17. Rc1 Bb6 18. a4 a5 19. Nbd2 Rac8 20. Nc4 Bc7 21.
Re2 b5 22. axb5 Qxb5 23. Rec2 Nge7 24. Bh4 g5 25. Bxg5 hxg5 26. Nxg5 Bxe5 27.
Qh5 Bg7 28. Qxf7+ Kh8 29. Qh5+ Kg8 30. Qh7+ Kf8 31. Nxe6+ Kf7 32. Nxg7 Rh8 33.
Nd6+ Kf6 34. Nge8+ Rcxe8 35. Qf7+ {alkhateeb resigns} 1-0

[Event "ICS rated blitz match"]
[Site "204.178.125.65"]
[Date "2000.05.17"]
[Round "?"]
[White "Hossa"]
[Black "notradamus"]
[Result "1-0"]
[WhiteElo "2445"]
[BlackElo "1963"]
[PlyCount "41"]
[EventDate "2000.??.??"]

1. e4 Nc6 2. Nf3 e6 3. d4 d5 4. Nbd2 Be7 5. Bb5 Bd7 6. O-O dxe4 7. Nxe4 Nf6 8.
Nxf6+ Bxf6 9. Be3 a6 10. Ba4 Qe7 11. c3 O-O 12. Re1 Rfe8 13. Bf4 Nb8 14. d5
Bxa4 15. Qxa4 b5 16. Qe4 Nd7 17. dxe6 fxe6 18. Qc6 e5 19. Rad1 Qc5 20. Qxd7
Rad8 21. Qf5 {notradamus resigns} 1-0

[Event "ICS rated blitz match"]
[Site "204.178.125.65"]
[Date "2000.05.17"]
[Round "?"]
[White "notradamus"]
[Black "Hossa"]
[Result "1-0"]
[WhiteElo "1961"]
[BlackElo "2447"]
[PlyCount "113"]
[EventDate "2000.??.??"]

1. d4 Nf6 2. g3 d5 3. Bg2 e6 4. Nf3 c5 5. c3 Nc6 6. O-O Bd6 7. Nbd2 cxd4 8.
cxd4 Bd7 9. Nb3 Ne4 10. Nfd2 Nxd2 11. Bxd2 h5 12. Bc3 h4 13. Rc1 b6 14. e4 dxe4
15. d5 exd5 16. Qxd5 Be7 17. Bxe4 hxg3 18. fxg3 Rf8 19. Bxg7 Nb4 20. Qxa8 Qxa8
21. Bxa8 Rg8 22. Bh6 Rh8 23. Bf4 Bh3 24. Rfd1 Nxa2 25. Rc7 a5 26. Re1 Be6 27.
Nd4 Bc5 28. Rxc5 bxc5 29. Nxe6 fxe6 30. Rxe6+ Kf7 31. Bd5 Nb4 32. Bc4 Rd8 33.
Rd6+ Ke7 34. Rxd8 Kxd8 35. h4 Ke7 36. h5 a4 37. g4 a3 38. bxa3 Nc6 39. g5 Nd4
40. g6 Kf6 41. Be5+ Kxe5 42. g7 Nf5 43. g8=Q Kf4 44. Qf7 Kg5 45. Qg6+ Kf4 46.
h6 Nxh6 47. Qxh6+ Ke4 48. a4 Kd4 49. Qh4+ Kc3 50. a5 Kb4 51. a6 Kc3 52. a7 Kb2
53. a8=Q Kc2 54. Qa2+ Kd1 55. Qg4+ Kc1 56. Qf4+ Kd1 57. Qf1# {Hossa checkmated}
1-0

[Event "ICS Rated blitz match"]
[Site "204.178.125.65"]
[Date "2000.05.17"]
[Round "?"]
[White "Hossa"]
[Black "ouied"]
[Result "0-1"]
[WhiteElo "2417"]
[BlackElo "2581"]
[PlyCount "114"]
[EventDate "2000.??.??"]

1. e4 c5 2. c3 e6 3. Nf3 d5 4. e5 d4 5. cxd4 cxd4 6. Bb5+ Nc6 7. Bxc6+ bxc6 8.
Qa4 Bc5 9. Nc3 Bb7 10. Ne4 Be7 11. d3 Qb6 12. Nd6+ Bxd6 13. exd6 Nf6 14. Qxd4
c5 15. Qa4+ Nd7 16. Ne5 Qxd6 17. Bf4 Qd5 18. f3 Rd8 19. Nxd7 Rxd7 20. Qxa7 O-O
21. Be3 Qxd3 22. Qa3 Qxa3 23. bxa3 c4 24. Ke2 Ba6 25. Rhd1 c3+ 26. Kf2 Rxd1 27.
Rxd1 Rc8 28. Rc1 e5 29. Bb6 f6 30. Ba5 c2 31. Ke1 Bd3 32. Bb4 Kf7 33. a4 Ke6
34. Kd2 Bg6 35. Bc3 Rd8+ 36. Ke2 Kd5 37. a5 Kc4 38. Bd2 Bd3+ 39. Ke3 f5 40. Be1
f4+ 41. Kf2 e4 42. fxe4 Bxe4 43. Ke2 Re8 44. Kf2 Kd3 45. a3 Bd5 46. Kf1 Re2 47.
Bb4 Rxg2 48. Bd6 f3 49. Bf4 g6 50. h4 Ke4 51. Rxc2 Rxc2 52. Bg3 Ke3 53. Kg1
Rg2+ 54. Kh1 Rxg3 55. Kh2 Rg2+ 56. Kh1 f2 57. a4 f1=Q# {Hossa checkmated} 0-1